000 00575nam a2200193Ia 4500
003 GCL
008 140319s9999 xx 000 0 ara d
040 _aGCL /
_cGCL
082 0 4 _a813.081
_bل ب
100 1 _aلطيفة الزيات
245 1 0 _aالباب المفتوح /
_cلطيفة الزيات
260 _a[S.N] :
_bالهيئة المصرية العامة للكتاب ،
_c1989
300 _a353 ص
490 _a
650 0 4 _aالادب العربى
650 0 4 _aالقصص العربية
650 0 4 _aالقصص التاريخية
942 _2ddc
_cBK
999 _c28144
_d28144